[Event "Challenge"]
[Site "http://www.queenalice.com/game.php?id=1797784"]
[Date "2022.10.10"]
[Round "-"]
[White "eduardocosta"]
[Black "TammieM3ENF"]
[Result "1-0"]
[WhiteElo "1627"]
[BlackElo "1094"]

1. e3 e5 2. g3 d6 3. Bg2 c5 4. Nf3 f5 5. O-O g5 6. d4 exd4 7. exd4 Be7 8. dxc5
Bd7 9. Bd2 dxc5 10. Bc3 g4 11. Nfd2 Nf6 12. Bxb7 h5 13. Bxa8 Rh7 14. Bg2 c4 15.
Nxc4 Nc6 16. Nbd2 a5 17. Nb3 Ne4 18. Bxa5 Nxa5 19. Nbxa5 Nd6 20. Nxd6+ Bxd6 21.
Nb7 Qe7 22. Nxd6+ Kf8 23. Nc4 h4 24. Re1 Qf6 25. Ne5 Be8 26. Nxg4 Qg6 27. Rxe8+
Kxe8 28. Qe2+ Kf7 29. Ne5+ Kf6 30. Nxg6 Kxg6 31. c4 hxg3 32. fxg3 Rc7 33. b3 Kg5
34. Qd3 f4 35. gxf4+ Kxf4 36. Qg3+ Kf5 37. Qxc7 Kf6 38. a4 1-0

[Event "Challenge"]
[Site "http://www.queenalice.com/game.php?id=1798721"]
[Date "2022.10.27"]
[Round "-"]
[White "eduardocosta"]
[Black "TammieM3ENF"]
[Result "1-0"]
[WhiteElo "1629"]
[BlackElo "1092"]

1. e3 e5 2. Nf3 d6 3. d4 c5 4. dxe5 dxe5 5. Nxe5 Be7 6. Qf3 f6 7. Qh5+ g6 8.
Nxg6 hxg6 9. Qxh8 Kd7 10. Qh3+ f5 11. Bd3 b6 12. Qf3 a5 13. Qxa8 Qc7 14. Qd5+
Ke8 15. Qxg8+ Bf8 16. Qxg6+ Kd8 17. O-O b5 18. Bxb5 Ba6 19. Bxa6 Nxa6 20. Qxa6
Kd7 21. Qf6 Ke8 22. Qxf5 c4 23. Nc3 Qf7 24. Qxf7+ Kxf7 25. Ne4 a4 26. Nd2 Bb4
27. Nxc4 a3 28. bxa3 Be7 29. a4 Bd8 30. a5 Bc7 31. Bb2 Ke7 32. a6 1-0

[Event "Challenge"]
[Site "http://www.queenalice.com/game.php?id=1799566"]
[Date "2022.11.8"]
[Round "-"]
[White "eduardocosta"]
[Black "TammieM3ENF"]
[Result "1-0"]
[WhiteElo "1631"]
[BlackElo "1105"]

1. e3 e5 2. Nf3 Be7 3. Nxe5 f6 4. Nd3 d6 5. Be2 Bd7 6. Bf3 c5 7. Bxb7 h5 8. Bxa8
d5 9. Bxd5 g5 10. Bxg8 Rxg8 11. Qxh5+ Kf8 12. Qf3 Nc6 13. Nc3 f5 14. Na4 g4 15.
Qf4 a5 16. Naxc5 Bxc5 17. Nxc5 Bc8 18. O-O Qd5 19. Nd3 a4 20. a3 g3 21. fxg3 Ne7
22. Nb4 Qd6 23. Qxd6 Rg6 24. Qd8+ Kf7 25. Nd3 Rg8 26. Qa5 Kf6 27. Nf4 Rd8 28.
Qxd8 Kg5 29. Qxe7+ Kg4 30. Qh4# 1-0

[Event "Challenge"]
[Site "http://www.queenalice.com/game.php?id=1802662"]
[Date "2022.12.26"]
[Round "-"]
[White "eduardocosta"]
[Black "TammieM3ENF"]
[Result "0-1"]
[WhiteElo "1575"]
[BlackElo "1159"]

1. e3 e5 2. Nf3 d5 3. Nxe5 f6 4. Nf3 Bd6 5. b3 Be6 6. Bb2 Nc6 7. c4 dxc4 8. Bxc4
Qe7 9. Bxe6 Qxe6 10. O-O b5 11. Nc3 g5 12. Nxb5 h5 13. Ba3 f5 14. Bxd6 cxd6 15.
Nc7+ Kf8 16. Nxe6+ Ke7 17. Nexg5 Rh6 18. Nh4 Kf6 19. Ngf3 a5 20. d4 a4 21. Qc2
Rc8 22. Qxf5+ Ke7 23. Qb5 Nf6 0-1

[Event "Challenge"]
[Site "http://www.queenalice.com/game.php?id=1803198"]
[Date "2023.1.2"]
[Round "-"]
[White "eduardocosta"]
[Black "TammieM3ENF"]
[Result "0-1"]
[WhiteElo "1605"]
[BlackElo "1129"]

1. e3 e5 2. Be2 d5 3. Nf3 Be6 4. Nxe5 f6 5. Nf3 Bd6 6. b3 Nc6 7. Bb2 g5 8. c4 h5
9. O-O f5 10. Bxh8 Kf8 11. Nc3 Nh6 12. cxd5 Bf7 13. dxc6 bxc6 14. Nd4 g4 15.
Nxc6 Qd7 16. Nd4 f4 17. exf4 Ke7 18. Bb5 Qd8 19. Nc6+ Kd7 20. Bg7 a6 21. Ba4 Qg8
22. Bxh6 Qg6 0-1

[Event "Challenge"]
[Site "http://www.queenalice.com/game.php?id=1803199"]
[Date "2023.1.2"]
[Round "-"]
[White "eduardocosta"]
[Black "TammieM3ENF"]
[Result "0-1"]
[WhiteElo "1635"]
[BlackElo "1099"]

1. b3 e5 2. Bb2 d5 3. Bxe5 f6 4. Bb2 Be6 5. e3 Bd6 6. Nf3 Nc6 7. c4 dxc4 8. Bxc4
g5 9. Bxe6 h5 10. Bxg8 Rxg8 11. Nc3 g4 12. Nh4 f5 13. Nxf5 Rf8 14. Nb5 Rxf5 15.
Nd4 Nxd4 16. Bxd4 b6 17. Qc2 c5 18. Bb2 Rd5 19. d4 cxd4 20. Bxd4 Rxd4 21. O-O
Rd5 0-1

[Event "Challenge"]
[Site "http://www.queenalice.com/game.php?id=1806282"]
[Date "2023.2.17"]
[Round "-"]
[White "eduardocosta"]
[Black "sunking09"]
[Result "0-1"]
[WhiteElo "1407"]
[BlackElo "1251"]

1. e3 e6 2. c3 d5 3. Nf3 Bd7 4. Be2 Bc5 5. d4 Bb6 6. b3 Nc6 7. O-O Nf6 8. c4 h5
9. a3 h4 10. c5 Ba5 11. Bb5 Ne4 12. Bxc6 Bxc6 0-1

[Event "Challenge"]
[Site "http://www.queenalice.com/game.php?id=1807571"]
[Date "2023.3.9"]
[Round "-"]
[White "eduardocosta"]
[Black "TammieM3ENF"]
[Result "0-1"]
[WhiteElo "1461"]
[BlackElo "1163"]

1. e3 e5 2. Nf3 d5 3. Nxe5 f6 4. Nf3 Be6 5. Nd4 Bf7 6. Bb5+ c6 7. Be2 c5 8. Bb5+
Nd7 9. Bxd7+ Qxd7 10. Nf3 g5 11. d4 cxd4 12. Qxd4 f5 0-1

[Event "Challenge"]
[Site "http://www.queenalice.com/game.php?id=1807572"]
[Date "2023.3.9"]
[Round "-"]
[White "eduardocosta"]
[Black "TammieM3ENF"]
[Result "0-1"]
[WhiteElo "1491"]
[BlackElo "1133"]

1. b3 e5 2. Bb2 f6 3. e3 d5 4. Ba3 c6 5. Bxf8 Kxf8 6. c4 b5 7. cxb5 cxb5 8. Bxb5
g5 9. Qe2 f5 10. Nc3 f4 11. exf4 gxf4 12. Qxe5 a6 0-1

[Event "Challenge"]
[Site "http://www.queenalice.com/game.php?id=1807576"]
[Date "2023.3.10"]
[Round "-"]
[White "eduardocosta"]
[Black "TammieM3ENF"]
[Result "0-1"]
[WhiteElo "1433"]
[BlackElo "1191"]

1. e3 e5 2. Nf3 d6 3. d4 f6 4. dxe5 fxe5 5. Be2 Nc6 6. b3 b5 7. Bxb5 a6 8. Bxc6+
Bd7 9. Bxa8 Qxa8 10. Bb2 c5 0-1

[Event "Challenge"]
[Site "http://www.queenalice.com/game.php?id=1809726"]
[Date "2023.4.10"]
[Round "-"]
[White "eduardocosta"]
[Black "TammieM3ENF"]
[Result "1-0"]
[WhiteElo "1396"]
[BlackElo "1073"]

1. e3 e5 2. Nf3 d5 3. Nxe5 f6 4. Nf3 Be6 5. b3 Bd6 6. Bb2 Nc6 7. Bb5 a6 8. Bxc6+
bxc6 9. Nd4 f5 10. Nxe6 Qe7 11. Nxg7+ Qxg7 12. Bxg7 Ne7 13. Bxh8 Kf8 14. O-O Kg8
15. Bd4 c5 16. Bf6 Kf7 17. Bxe7 Bxe7 18. d4 cxd4 19. Qxd4 Rd8 20. c4 dxc4 21.
Qxc4+ Ke8 22. Qc6+ Kf8 23. Qh6+ Ke8 24. Qh5+ Kd7 25. Qxf5+ Ke8 26. Nc3 c6 27.
Qxh7 Rd7 28. Qg6+ Kd8 29. Qxc6 a5 30. Qb6+ Ke8 31. Qxa5 Kf8 32. Rad1 Rb7 33.
Qf5+ Ke8 34. Qc8+ Bd8 35. Qxb7 Kf8 36. Rxd8# 1-0

[Event "Challenge"]
[Site "http://www.queenalice.com/game.php?id=1809727"]
[Date "2023.4.10"]
[Round "-"]
[White "eduardocosta"]
[Black "TammieM3ENF"]
[Result "0-1"]
[WhiteElo "1362"]
[BlackElo "1054"]

1. Nf3 e5 2. Nxe5 d6 3. Nf3 d5 4. c3 Be6 5. e3 Bd6 6. Bb5+ c6 7. Be2 Nf6 8. O-O
c5 9. Bb5+ Nfd7 10. Bxd7+ Bxd7 11. d4 cxd4 12. cxd4 Be7 13. Qb3 b6 14. Qxd5 Nc6
15. Ne5 h5 16. Nxc6 Bxc6 17. Qxd8+ Bxd8 18. Nc3 g5 19. Ne2 a5 20. Bd2 f5 21. Bc3
f4 22. exf4 g4 23. d5 Bxd5 24. Bxh8 h4 25. Rfd1 g3 26. fxg3 hxg3 27. Rxd5 a4 28.
Nxg3 Rb8 29. Be5 a3 30. Bxb8 axb2 31. Rb1 Bf6 32. Rd6 Be7 33. Rxb6 Bd8 34. R6xb2
Ke7 35. a4 Kd7 36. Be5 Ke6 37. Rb8 Be7 38. a5 Kd5 39. a6 Ke6 40. a7 Bc5+ 41. Kh1
Bd6 42. R8b6 Kd5 43. a8=Q+ Kc4 0-1

[Event "Challenge"]
[Site "http://www.queenalice.com/game.php?id=1809728"]
[Date "2023.4.10"]
[Round "-"]
[White "eduardocosta"]
[Black "sunking09"]
[Result "1-0"]
[WhiteElo "1385"]
[BlackElo "1265"]

1. e3 d5 2. b3 Nf6 3. Bb2 Nbd7 4. Nf3 Ne4 5. Bd3 e6 6. Bxe4 dxe4 7. Nd4 Bc5 8.
O-O f5 9. Nxe6 Qh4 10. Nxg7+ Kf7 11. Nxf5 Qg5 12. Bxh8 Qxf5 13. d4 Bd6 14. c4 c5
15. dxc5 Bxc5 16. Bd4 Bd6 17. Nc3 h5 18. Qc2 b6 19. Qxe4 Qg4 20. Qxa8 Nf6 21.
Qxa7+ Kg6 22. Qxb6 Bxh2+ 23. Kxh2 Kg5 24. Qxf6# 1-0

[Event "Challenge"]
[Site "http://www.queenalice.com/game.php?id=1809879"]
[Date "2023.4.12"]
[Round "-"]
[White "eduardocosta"]
[Black "TammieM3ENF"]
[Result "0-1"]
[WhiteElo "1392"]
[BlackElo "1024"]

1. e3 e5 2. Nf3 d5 3. Nxe5 f6 4. Nf3 Be6 5. Nd4 Qe7 6. b3 Qd8 7. Nxe6 Qe7 8. Nd4
c5 9. Nb5 a6 10. N5c3 b5 11. Nxd5 Qd8 12. e4 a5 13. Bxb5+ Nd7 14. Qh5+ g6 15.
Qf3 f5 16. O-O Rb8 17. Bxd7+ Qxd7 18. Bb2 fxe4 19. Qxe4+ Ne7 20. Nf6+ Kd8 21.
Nxd7 Kxd7 22. Bxh8 h5 23. Qd3+ Ke8 24. Bf6 g5 25. Bxe7 Kxe7 26. Qh7+ Ke8 27.
Qxh5+ Kd8 28. Qxg5+ Be7 29. Qd5+ Ke8 30. c4 Rd8 31. Qe6 Rd6 32. Qc8+ Bd8 33.
Qxc5 Rd7 34. Re1+ Be7 35. Qxa5 Kf7 36. Na3 Kf6 37. Nb5 Bc5 38. d4 Bd6 39. Nxd6
Rxd6 40. Qe5+ Kg6 41. Qxd6+ Kg5 0-1

[Event "Challenge"]
[Site "http://www.queenalice.com/game.php?id=1810117"]
[Date "2023.4.17"]
[Round "-"]
[White "eduardocosta"]
[Black "TammieM3ENF"]
[Result "1-0"]
[WhiteElo "1401"]
[BlackElo "995"]

1. e3 e5 2. Nf3 d5 3. Nxe5 f6 4. Nf3 Be6 5. b3 Bd6 6. c4 f5 7. Bb2 dxc4 8. Bxc4
Bd7 9. Bxg8 Rxg8 10. O-O c6 11. Na3 b5 12. Nc2 a5 13. Ncd4 c5 14. Nc2 c4 15.
bxc4 bxc4 16. Bc3 a4 17. Ncd4 Nc6 18. Nxc6 Bxc6 19. Nd4 Bd7 20. Ne2 Be7 21. Nf4
h6 22. Qe2 g5 23. Qh5+ Kf8 24. Ng6+ Rxg6 25. Qxg6 Bb5 26. Qxh6+ Ke8 27. Qg6+ Kd7
28. Qxf5+ Ke8 29. Qxb5+ Kf7 30. Qxc4+ Ke8 31. Bb4 Bxb4 32. Qxb4 Rb8 33. Qxa4+
Ke7 34. Qe4+ Kd7 35. Qd5+ Kc8 36. Rfc1+ Qc7 37. Rxc7+ Kxc7 38. Qc4+ Kb7 39. Rb1+
Ka7 40. Qa4# 1-0

[Event "Challenge"]
[Site "http://www.queenalice.com/game.php?id=1811649"]
[Date "2023.5.10"]
[Round "-"]
[White "eduardocosta"]
[Black "TammieM3ENF"]
[Result "1-0"]
[WhiteElo "1399"]
[BlackElo "1006"]

1. e3 e5 2. Nf3 d5 3. Nxe5 f6 4. Nf3 g5 5. b3 f5 6. Bb2 g4 7. Bxh8 c5 8. Ng1 b5
9. Bb2 c4 10. bxc4 bxc4 11. d3 cxd3 12. cxd3 Nd7 13. d4 h5 14. Nc3 f4 15. Nxd5
h4 16. Nxf4 g3 17. fxg3 hxg3 18. Qh5+ Ke7 19. Ba3+ Kf6 20. Qh4+ Kf7 21. Bc4+ Kg7
22. Qxd8 Ndf6 23. Qxf8+ Kh8 24. Bxg8 Nxg8 25. Qc5 Rb8 26. Qe5+ Nf6 27. Qxf6+ Kg8
28. Qg6+ Kh8 29. hxg3+ Bh3 30. Rxh3# 1-0

[Event "Challenge"]
[Site "http://www.queenalice.com/game.php?id=1814767"]
[Date "2023.6.24"]
[Round "-"]
[White "eduardocosta"]
[Black "sunking09"]
[Result "0-1"]
[WhiteElo "1268"]
[BlackElo "1281"]

1. e3 d5 2. Be2 c6 3. c4 d4 4. Nf3 c5 5. exd4 Nf6 6. dxc5 Nc6 7. Nc3 Nd4 8. b3
e6 9. Nxd4 Qxd4 10. O-O Bxc5 11. Bb2 Qh4 12. Bf3 O-O 13. Na4 g5 14. Nxc5 g4 15.
Bxb7 Bxb7 16. Bxf6 Qxf6 17. Nd7 Qe7 18. Nxf8 Rxf8 0-1